Welcome to CU Library Online Public Access Catalogue (OPAC)

Monitoring fluid and electrolytes precisely. (Record no. 3639)

MARC details
000 -LEADER
fixed length control field 00846cam a2200253 i 4500
001 - CONTROL NUMBER
control field 3193871
005 - DATE AND TIME OF LATEST TRANSACTION
control field 20250208095141.0
008 - FIXED-LENGTH DATA ELEMENTS--GENERAL INFORMATION
fixed length control field 780606s1978 paua b 001 0 eng
020 ## - INTERNATIONAL STANDARD BOOK NUMBER
International Standard Book Number 0916730093 :
Terms of availability $8.95
050 00 - LIBRARY OF CONGRESS CALL NUMBER
Classification number RC630
Item number .M65
082 00 - DEWEY DECIMAL CLASSIFICATION NUMBER
Classification number 616/.047
245 00 - TITLE STATEMENT
Title Monitoring fluid and electrolytes precisely.
260 ## - PUBLICATION, DISTRIBUTION, ETC.
Place of publication, distribution, etc. Horsham, Pa. :
Name of publisher, distributor, etc. Nursing 79 Books, Intermed Communications,
Date of publication, distribution, etc. c1979
300 ## - PHYSICAL DESCRIPTION
Extent 207 p. :
Other physical details ill. ;
Dimensions 24 cm.
500 ## - GENERAL NOTE
General note "Nursing 79 skillbook series."
500 ## - GENERAL NOTE
General note Includes index.
650 #0 - SUBJECT ADDED ENTRY--TOPICAL TERM
Topical term or geographic name entry element Body fluid disorders
General subdivision Nursing.
650 #0 - SUBJECT ADDED ENTRY--TOPICAL TERM
Topical term or geographic name entry element Water-electrolyte imbalances
General subdivision Nursing.
650 #0 - SUBJECT ADDED ENTRY--TOPICAL TERM
Topical term or geographic name entry element Patient monitoring.
650 #2 - SUBJECT ADDED ENTRY--TOPICAL TERM
Topical term or geographic name entry element Water-electrolyte balance
General subdivision Nursing texts.
650 #2 - SUBJECT ADDED ENTRY--TOPICAL TERM
Topical term or geographic name entry element Water-electrolyte imbalance
General subdivision Nursing texts.
650 #2 - SUBJECT ADDED ENTRY--TOPICAL TERM
Topical term or geographic name entry element Monitoring, Physiologic
General subdivision Nursing texts.
942 ## - ADDED ENTRY ELEMENTS (KOHA)
Source of classification or shelving scheme Library of Congress Classification
Koha item type Books
Suppress in OPAC No
999 ## -
-- 3639
-- 3639
Holdings
Withdrawn status Lost status Source of classification or shelving scheme Damaged status Not for loan Collection Home library Current library Shelving location Date acquired Total checkouts Full call number Barcode Date last seen Copy number Price effective from Koha item type
    Library of Congress Classification     Non-fiction Science Library (Miotso) Science Library (Miotso) General stacks 02/08/2025   RC630 .M65 MON SLM00003173 02/08/2025 1 02/08/2025 Books
© 2023-2024 Copyright: Central University Libraries. All Rights Reserved | Created by: Mahone Tech Office